La presentación de datos estadísticos
Αποθηκεύτηκε σε:
| Κύριος συγγραφέας: | |
|---|---|
| Μορφή: | Κείμενο |
| Έκδοση: |
s.n.t. :
|
| Ετικέτες: |
Προσθήκη ετικέτας
Δεν υπάρχουν, Καταχωρήστε ετικέτα πρώτοι!
|
MARC
| LEADER | 00000 a a2200000 04500 | ||
|---|---|---|---|
| 001 | 17298 | ||
| 003 | |||
| 040 | |||
| 090 | |a 019900 | ||
| 100 | |a Gómez Barrantes, Miguel | ||
| 245 | |a La presentación de datos estadísticos | ||
| 260 | |a s.n.t. : | ||
| 300 | |a pp. 27-4 | ||
| 500 | |a Continuación: páginas 27 a 45. Cubre Representación Gráfica | ||
| 999 | |c 728 |d 728 | ||
